00554nam a2200193 a 4500001001300000003000900013005001700022008004100039020001000080082001700090100001800107245006000125260005400185300000800239500003500247505003700282650002300319700001800342nice12345678IN_TiNIC20260116012443.0050524s1974 hyda grp 000 0 urd  ac5.500a891.41bAKH2 aAkhtar, Hasan aGhalib Ki Farsi Masnawi Chiragh Dair Ka Manzoom Tarjuma aHyderabad bMarkazi Anjuman Taleemus Salat c1974 a79p aincludes index and biblioraphy2 aGlossary, Bibliography and index aUrdu-Poetry-ghalib1 aAkhtar, Hasan